| 000 | 01246nam a22003497a 4500 | ||
|---|---|---|---|
| 003 | CHAP | ||
| 005 | 20220329140503.0 | ||
| 008 | 971013s1983 r 00010 d | ||
| 010 | _a52703 | ||
| 011 | _a53675 | ||
| 035 | _a57825 | ||
| 040 | _cCHAP | ||
| 090 | _aTesis | ||
| 100 | 0 | 0 |
_aRosales Robles, Juan Rubén. _999936 |
| 245 | _aCorrelación existente entre las malezas y la entomofauna en el cultivo de maíz (V-402), ciclo primavera-verano 1982, Marín, N. L. | ||
| 260 |
_aMarín, N. L. : _bEl autor, _c1983 |
||
| 300 |
_a80 h. _b; gráfs. |
||
| 502 | _aTesis (Ing. Agr. Parasitólogo) -- Universidad Autónoma de Nuevo León. Facultad de Agronomía | ||
| 590 |
_aALEPH _b10 _c20130110 _lUCH01 _h1330 |
||
| 590 |
_aBATCH-UPD _b10 _c20130109 _lUCH01 _h2341 |
||
| 590 |
_aBATCH-UPD _b10 _c20130110 _lUCH01 _h0808 |
||
| 590 |
_aBATCH-UPD _b10 _c20130409 _lUCH01 _h1910 |
||
| 590 |
_aBATCH-UPD _b10 _c20130410 _lUCH01 _h0445 |
||
| 590 |
_aBATCH-UPD _b10 _c20130914 _lUCH01 _h1311 |
||
| 590 |
_aCONVERSION _b10 _c20130109 _lUCH01 _h1328 |
||
| 650 | 1 | 4 |
_aEntomología económica. _937145 |
| 650 | 1 | 4 |
_aMaíz _xMalas hierbas. _971002 |
| 650 | 1 | 4 |
_aMaíz _xPlagas. _971034 |
| 901 | _aBK | ||
| 942 | _cTESIS | ||
| 949 |
_bBC _cTES _d-125654 _eTS1 _i57825 _si |
||
| 999 |
_c52703 _d52703 |
||